000 00444nam a22001817a 4500
003 MPLRDC
005 20220104143130.0
008 210129b ||||| |||| 00| 0 eng d
020 _a7-5309-1932-6
082 _a857.45 WYSY
100 _a完颜绍元
245 _a走下金銮殿的皇帝
_c
250 _a一版一刷
260 _a
_b天津教育出版社
_c1994
300 _b
650 _a历史小说
942 _cBK
_o857.45 WYSY
999 _c36923
_d36913